Catalog

Record Details

Catalog Search



Available copies

  • 1 of 1 copy available at LARL/NWRL Consortium.
  • 1 of 1 copy available at Lake Agassiz Regional Library. (Show preferred library)

Current holds

0 current holds with 1 total copy.

Show Only Available Copies
Location Call Number / Copy Notes Barcode Shelving Location Status Due Date
Moorhead Public Library MCN (Text) 33500013100730 Main Available -

Record details

  • ISBN: 9781335006776
  • ISBN: 133500677X
  • Physical Description: 377 pages ; 17 cm.
  • Publisher: Toronto, Ontario, Canada : HQN, [2019]

Content descriptions

Summary, etc.:
When she returns to Rendezvous Falls to regroup ... Read More
Subject: Women accountants > Fiction.
Wineries > Fiction.
Man-woman relationships > Fiction.
New York (State) > Fiction.
Genre: Love stories.
Novels.
Romance fiction.
LDR 01449cam a2200397Ii 4500
001316566
003LARL_NWRL_CONSORTIUM
00520190626180200.0
008190617t20192019onc e 000 f eng d
040 . ‡aXYZ ‡beng ‡erda ‡cXYZ ‡dXYZ ‡dOCLCO ‡dGO6 ‡dJNE ‡dJAO ‡dIUK
020 . ‡a9781335006776 ‡q(paperback)
020 . ‡a133500677X ‡q(paperback)
035 . ‡a(OCoLC)1104795817
043 . ‡an-us-ny
08204. ‡a813/.6 ‡223
1001 . ‡aMcNally, Jo, ‡eauthor.
24510. ‡aSlow dancing at sunrise. ‡n#1 / ‡cJo McNally.
264 1. ‡aToronto, Ontario, Canada : ‡bHQN, ‡c[2019]
264 4. ‡c©2019
300 . ‡a377 pages ; ‡c17 cm.
336 . ‡atext ‡btxt ‡2rdacontent
337 . ‡aunmediated ‡bn ‡2rdamedia
338 . ‡avolume ‡bnc ‡2rdacarrier
4900 . ‡aRendezvous Falls ; ‡v1
520 . ‡aWhen she returns to Rendezvous Falls to regroup after losing her job, accountant Whitney Foster is determined to save her Aunt Helen's winery from financial ruin, an aim that pits her against the winery's manager, Luke Rutledge.
650 0. ‡aWomen accountants ‡vFiction.
650 0. ‡aWineries ‡vFiction.
650 0. ‡aMan-woman relationships ‡vFiction. ‡0(LARL_NWRL_CONSORTIUM)165985
651 0. ‡aNew York (State) ‡vFiction. ‡0(LARL_NWRL_CONSORTIUM)166421
655 7. ‡aLove stories. ‡2gsafd
655 7. ‡aNovels. ‡2lcgft
655 7. ‡aRomance fiction. ‡2lcgft
901 . ‡a316566 ‡bOCoLC ‡c316566 ‡tbiblio ‡soclc

Additional Resources